000 00500nam a2200145Ia 4500
008 231129s2008||||xx |||||||||||||| ||spa||
020 _a978-958-719-064-9
040 _bspa
082 _a323.042 M491g
100 _aMedina Gallego Carlos
245 0 _aLa gestión pública participativa: En el contexto de la gestión social integral. Nociones y conceptos
260 _c2008
264 _aUniversidad Nacional de Colombia. Facultad de Derecho
942 _2ddc
_cBKS
999 _c17219
_d17219